000 00919nam a2200253 i 4500
001 184338
003 ES-MaACL
005 20250815131504.0
008 150624s1970 sp ao |||| |dspa d
080 _a75.034.7
100 1 _aDaudy, Philippe.
_942809
245 1 3 _aEl siglo XVII /
_cPhilippe Daudy.
260 _aMadrid :
_bAguilar,
_c1970.
300 _a2 v. :
_bil. col. y n. ;
_c27 cm.
490 1 _aHistoria general de la pintura ;
_v12-13
500 _aCronología.
500 _aÍndice.
504 _aBibliografía: p. 204; p. 204.
505 8 _aContiene: v. 1 ;
_tLa época barroca - v. 2 ;
_tLa pintura iberoamericana. Austria. Bohemia, Moravia. Un húngaro: Adam de Manyoki. El ruso Uchakov. Inglaterra
650 0 7 _aPintura barroca
_2embne
_9157119
830 0 _aHistoria general de la pintura ;
_v12-13
_9192109
852 _aES-MaACL
_jE-15656-57
_z. - enc. cart.
999 _c184338
_d184338